| Record ID | ia:methodsofconstit00schrrich |
| Source | Internet Archive |
| Download MARC XML | https://archive.org/download/methodsofconstit00schrrich/methodsofconstit00schrrich_marc.xml |
| Download MARC binary | https://www.archive.org/download/methodsofconstit00schrrich/methodsofconstit00schrrich_meta.mrc |
LEADER: 00961nam^^2200241I^^4500
001 GLAD343654-B
005 20050501034221.0
008 850521q19101919nyu 000 0 eng
010 $a14008544
035 $aocm15212216
040 $aDLC$cWEL$dWEL$dCUY
050 0 $aJC591$b.S45
100 1 $aSchroeder, Theodore Albert,$d1864-1953.
245 00 $aMethods of constitutional construction,$bthe synthetic method illustrated on the free speech clause of the federal Constitution,$cby Theodore Schroeder ... with three supplements bearing on the rights of revolutionists, by James Mill, J.L. DeLolme and John Cartwright.
260 $aNew York City,$bFree Speech League$c[191-?]
300 $a106 p.$c25 cm.
650 0 $aFreedom of speech.
650 0 $aFreedom of the press.
650 0 $aGovernment, Resistance to.
700 10 $aMill, James,$d1773-1836.
852 $aDLB$bstx$hKF4770$i.S34
852 $aGLAD$bNRLF$hJC591$i.S45$p$B 74 724
901 $aGLAD$b343654